[Event "Muenster Bezirksliga 0506"]
[Site "Muenster"]
[Date "2006.01.14"]
[Round "5.6"]
[White "Schmidt, Benedikt"]
[Black "Westphal, Olaf"]
[Result "1/2-1/2"]
[WhiteElo "1629"]
[BlackElo "1610"]
[PlyCount "38"]
[EventDate "2005.09.10"]
[EventType "team"]
[EventRounds "9"]
[EventCountry "GER"]
[SourceTitle "EXT 2007"]
[Source "ChessBase"]
[SourceDate "2006.11.23"]
[SourceVersion "1"]
[SourceVersionDate "2006.11.23"]
[SourceQuality "1"]
[WhiteTeam "Muenster"]
[BlackTeam "Sendenhorst II"]
[WhiteTeamCountry "GER"]
[BlackTeamCountry "GER"]

1. d4 d5 2. c4 e6 3. Nf3 f5 4. Nc3 c6 5. Bf4 Nf6 6. e3 Be7 7. Be2 0-0 8. 0-0 Ne4 9. Qc2 Nd7 10. Nxe4 fxe4 11. Ne5 Nxe5 12. Bxe5 Bd6 13. Bxd6 Qxd6 14. f3 exf3 15. Rxf3 Bd7 16. Raf1 Rxf3 17. Rxf3 Rf8 18. Rh3 g6 19. Rf3 Qe7 1/2-1/2